banner-ar

تلوث بحيرة المنزلة: بالمستندات, الجريمة, الاثار, الانقاذ / (Record no. 51715)

MARC details
000 -الفاتح
حقل البيانات ثابتة الطول 00745nam a2200217Ia 4500
008 - عناصر البيانات ثابتة الطول - معلومات عامة
حقل البيانات ثابتة الطول 140319s9999 xx 000 0 ara d
040 ## - مصدر الفهرسة
وكالة الفهرسة الأصلية GCL /
وكالة النسخ GCL
082 04 - رقم تصنيف ديوى العشرى
رقم التصنيف 301.31
رقم المادة ا ت
100 1# - المدخل الرئيسى - إسم شخصى
الإسم الشخصى احمد هانى قزامل
245 10 - بيان العنوان
العنوان تلوث بحيرة المنزلة: بالمستندات, الجريمة, الاثار, الانقاذ /
بيان المسئوليه,etc احمد هانى قزامل
300 ## - الوصف المادى
التعداد 133 ص
490 ## - بيان السلسلة
عنوان السلسلة الهيئة العامة للاستعلامات
رقم المجلد/ التعيين التسلسلي 0
650 04 - المدخل الاضافى بالموضوع-مصطلح موضوعى
مصطلح موضوعي تلوث البيئة
650 04 - المدخل الاضافى بالموضوع-مصطلح موضوعى
مصطلح موضوعي حماية البيئة
650 04 - المدخل الاضافى بالموضوع-مصطلح موضوعى
مصطلح موضوعي المياه
650 04 - المدخل الاضافى بالموضوع-مصطلح موضوعى
مصطلح موضوعي بيئة المياة العذبة
650 04 - المدخل الاضافى بالموضوع-مصطلح موضوعى
مصطلح موضوعي المياه - تلوث
650 04 - المدخل الاضافى بالموضوع-مصطلح موضوعى
مصطلح موضوعي بحيرة المنزلة - تلوث
942 ## - عناصر المدخل الإضافي( كوها)
مصدر التصنيف او مخطط الترفيف Dewey Decimal Classification
Koha [default] item type كتاب
Holdings
حالة التراجع حالة الفقد حالة تلف ليس للاعارة المكان المؤقت الموقع الحالى تاريخ الاكتساب اجمالي اﻻعارات رقم الطلب الباركود تاريخ اخر مشاهدة تاريخ تفعيل السعر نوع وعاء كوها
        مكتبة القاهرة الكبرى مكتبة القاهرة الكبرى 03/26/2014   301.31\ا ت 123750 03/26/2014 03/26/2014 كتاب

Powered By

EGPV